Emerging corporate board practices (Record no. 64235)

000 -LEADER
fixed length control field 00744pab a2200157 454500
008 - FIXED-LENGTH DATA ELEMENTS--GENERAL INFORMATION
fixed length control field 180718b2005 xxu||||| |||| 00| 0 eng d
100 ## - MAIN ENTRY--PERSONAL NAME
Personal name Ghosh, Anjan D.
245 ## - TITLE STATEMENT
Title Emerging corporate board practices
260 ## - PUBLICATION, DISTRIBUTION, ETC.
Date of publication, distribution, etc. 2005
300 ## - PHYSICAL DESCRIPTION
Extent p.524-27.
362 ## - DATES OF PUBLICATION AND/OR SEQUENTIAL DESIGNATION
Dates of publication and/or sequential designation 5 Feb
520 ## - SUMMARY, ETC.
Summary, etc. Partly as a result of regulatory pressures and partly out of the desire to benchmark corporate governance practices, corporate India has been making steady progress in this area. This survey of the structural aspects of board functioning indicates that while the overall trend is positive, substantial progress needs to be made in several key areas. - Reproduced.
650 ## - SUBJECT ADDED ENTRY--TOPICAL TERM
Topical term or geographic name entry element Corporate governance
773 ## - HOST ITEM ENTRY
Main entry heading Economic and Political Weekly
909 ## -
-- 64235
Holdings
Withdrawn status Lost status Damaged status Not for loan Permanent Location Current Location Date acquired Serial Enumeration / chronology Barcode Date last seen Price effective from Koha item type
        Indian Institute of Public Administration Indian Institute of Public Administration 2018-07-19 Volume no: 40, Issue no: 6 AR64687 2018-07-19 2018-07-19 Articles

Powered by Koha